Errata ; Teplo. Gnostická ulica ; Archeológia 1992

Bibliographic Details
Main Author: Grzebalski, Mariusz, 1969- (Author)
Other Authors: Chmel, Karol, 1953- (Translator)
Format: Article
Language:Slovak
Subjects:

MARC

LEADER 00000nab a2200000 a 4500
001 vtls000664496
003 SK-MaSNL
005 20260304091859.0
008 250425c1998 xo 0 slo
015 |a SNBRA1998/06-15029 
035 |a CLN000016682 
035 |a urn:nbn:sk:snk-abbrts 
035 |a (urnnbn)urn:nbn:sk:snk:ar-003j1p 
035 |a (uuid)b46149a6-6a99-4fd0-98b1-40cb4db18412 
040 |a SNKBUCL  |b slo  |c SNKBUCL  |e AACR2 
041 0 |a slo 
044 |a xo  |c SK 
080 |a 884-1  |2 1997 
100 1 |a Grzebalski, Mariusz,  |d 1969-  |4 aut  |9 874383 
245 1 0 |a Errata ; Teplo. Gnostická ulica ; Archeológia 1992  |c Mariusz Grzebalski ; preklad Karol Chmel 
504 |a Biogr. údaje 
650 0 7 |a reflexívne básne, poľské  |2 snkbucl  |9 73160 
655 7 |a články z novín a časopisov  |2 snkbucl  |9 267496 
700 1 |a Chmel, Karol,  |d 1953-  |4 trl  |9 105159 
773 0 |t Dotyky  |g Roč. 10, č. 3 (1998), s. 35 
850 |a Slovenská národná knižnica 
852 |a Slovenská národná knižnica 
958 |a article15 
958 |a OND 
958 |a LX 
958 |a PL 
958 |a EUIPO 
992 |a RBX 
999 |c 2817213  |d 2819143